Az Erkel-operák időszerűsége és előadásainak változatai rendezők - karmesterek felfogásának tükrében
Elmentve itt :
| Szerző: | |
|---|---|
| Testületi szerző: | |
| További közreműködők: | |
| Dokumentumtípus: | Könyv része |
| Megjelent: |
SZTE JGYPK Művészeti Intézet Ének-zene Tanszék
Szeged
2015
|
| Sorozat: | A Juhász Gyula Pedagógusképző Kar Ének-Zene Tanszékének kiadványai
Évfordulós művészek : Madách, Smetana, Dvořák, Janáček : a SZTE JGYPK Ének-zene Tanszék történetének, az oktatásban alkalmazott módszerek kutatásának legújabb eredményei : tanulmánykötet Nemzetközi Zenei Konferencia |
| Kulcsszavak: | Zenetörténet - magyar - 19. sz. |
| Tárgyszavak: | |
| Online Access: | http://acta.bibl.u-szeged.hu/76680 |
| LEADER | 01317naa a2200253 i 4500 | ||
|---|---|---|---|
| 001 | acta76680 | ||
| 005 | 20260312144849.0 | ||
| 008 | 221014s2015 hu o 100 hun d | ||
| 020 | |a 978 615 5455 13 1 | ||
| 040 | |a SZTE Egyetemi Kiadványok Repozitórium |b hun | ||
| 041 | |a hun | ||
| 100 | 2 | |a Boros-Konrád Erzsébet | |
| 245 | 1 | 3 | |a Az Erkel-operák időszerűsége és előadásainak változatai rendezők - karmesterek felfogásának tükrében |h [elektronikus dokumentum] / |c Boros-Konrád Erzsébet |
| 260 | |a SZTE JGYPK Művészeti Intézet Ének-zene Tanszék |b Szeged |c 2015 | ||
| 300 | |a 150-156 | ||
| 490 | 0 | |a A Juhász Gyula Pedagógusképző Kar Ének-Zene Tanszékének kiadványai | |
| 490 | 0 | |a Évfordulós művészek : Madách, Smetana, Dvořák, Janáček : a SZTE JGYPK Ének-zene Tanszék történetének, az oktatásban alkalmazott módszerek kutatásának legújabb eredményei : tanulmánykötet | |
| 490 | 0 | |a Nemzetközi Zenei Konferencia | |
| 650 | 4 | |a Bölcsészettudományok | |
| 650 | 4 | |a Művészetek (művészetek, művészettörténet, előadóművészetek, zene) | |
| 695 | |a Zenetörténet - magyar - 19. sz. | ||
| 700 | 0 | 1 | |a Erkel Ferenc |
| 710 | |a Évfordulós művészek (2014) (Szeged) | ||
| 856 | 4 | 0 | |u http://acta.bibl.u-szeged.hu/76680/1/enek_zene_tanszek_2015_150-156.pdf |z Dokumentum-elérés |